000 00677nam a2200181Ia 4500
008 100920s9999 xx 000 0 und d
082 _b14207
_a891.43 0
100 _aशिएन विन्सेण्ट./अनु. श्री. के आर स्ंािह
245 _aटॉमस जैफर्सन.
260 _bआत्माराम एंड सन्स, काश्मीरी गेट, दिल्ली.
_c0
300 _a174
_bसाधी
365 _b3
520 _aहिंदी.
630 _aटॉमस जैफर्सन.
650 _aहिंदी.
730 _aटॉमस जैफर्सन.
942 _cBOOK
999 _c678372
_d678369